[Event "Blitz 2018"]
[Site "Saint-Petersburg"]
[Date "2018.12.29"]
[Round "1"]
[Board "79"]
[White "Lintchevski Daniil (RUS)"]
[Black "Tsoi Dmitry (RUS)"]
[Result "1/2-1/2"]
[LiveChessVersion "1.4.8"]
[BlackElo "2387"]
[WhiteElo "2594"]

1. e4 {[%clk 0:03:03]} e5 {[%clk 0:03:04]} 2. Nf3 {[%clk 0:03:03]} d6
{[%clk 0:03:05]} 3. d4 {[%clk 0:03:04]} exd4 {[%clk 0:03:06]} 4. Nxd4
{[%clk 0:03:05]} Nf6 {[%clk 0:03:07]} 5. Nc3 {[%clk 0:03:05]} Be7
{[%clk 0:03:07]} 6. g3 {[%clk 0:03:06]} d5 {[%clk 0:03:09]} 7. e5
{[%clk 0:02:59]} Ng4 {[%clk 0:03:09]} 8. e6 {[%clk 0:02:49]} Nf6 {[%clk 0:03:10]}
9. exf7+ {[%clk 0:02:49]} Kxf7 {[%clk 0:03:11]} 10. Bg2 {[%clk 0:02:50]} Re8
{[%clk 0:03:12]} 11. O-O {[%clk 0:02:50]} c6 {[%clk 0:03:13]} 12. Re1
{[%clk 0:02:45]} Na6 {[%clk 0:03:05]} 13. h3 {[%clk 0:02:39]} Nc7
{[%clk 0:03:02]} 14. Bf4 {[%clk 0:02:38]} Bd6 {[%clk 0:02:46]} 15. Qd2
{[%clk 0:02:36]} Kg8 {[%clk 0:02:15]} 16. Rxe8+ {[%clk 0:02:34]} Ncxe8
{[%clk 0:02:15]} 17. Re1 {[%clk 0:02:34]} Bxf4 {[%clk 0:02:08]} 18. Qxf4
{[%clk 0:02:34]} Qd6 {[%clk 0:02:05]} 19. Qd2 {[%clk 0:01:59]} Bd7
{[%clk 0:01:57]} 20. Nce2 {[%clk 0:01:59]} Nc7 {[%clk 0:01:53]} 21. Nf4
{[%clk 0:01:55]} Re8 {[%clk 0:01:37]} 22. Rxe8+ {[%clk 0:01:55]} Ncxe8
{[%clk 0:01:37]} 23. Qe3 {[%clk 0:01:42]} Nc7 {[%clk 0:01:26]} 24. c3
{[%clk 0:01:43]} b6 {[%clk 0:01:19]} 25. Nd3 {[%clk 0:01:36]} c5 {[%clk 0:00:53]}
26. Ne2 {[%clk 0:01:31]} Bf5 {[%clk 0:00:50]} 27. Ne5 {[%clk 0:01:23]} Be4
{[%clk 0:00:51]} 28. Nd3 {[%clk 0:01:08]} Ne6 {[%clk 0:00:48]} 29. Ndf4
{[%clk 0:01:02]} Nxf4 {[%clk 0:00:42]} 30. Nxf4 {[%clk 0:01:00]} Kf7
{[%clk 0:00:23]} 31. a3 {[%clk 0:00:55]} Bxg2 {[%clk 0:00:20]} 32. Kxg2
{[%clk 0:00:55]} Qe7 {[%clk 0:00:22]} 33. Kf3 {[%clk 0:00:49]} g5
{[%clk 0:00:14]} 34. Nd3 {[%clk 0:00:42]} Qe4+ {[%clk 0:00:14]} 35. Ke2
{[%clk 0:00:44]} Ke6 {[%clk 0:00:12]} 36. f3 {[%clk 0:00:39]} Qxe3+
{[%clk 0:00:13]} 37. Kxe3 {[%clk 0:00:40]} h6 {[%clk 0:00:11]} 38. g4
{[%clk 0:00:35]} Nd7 {[%clk 0:00:08]} 39. f4 {[%clk 0:00:36]} Nf6
{[%clk 0:00:07]} 40. f5+ {[%clk 0:00:34]} Kd6 {[%clk 0:00:09]} 41. Ne1
{[%clk 0:00:30]} Nd7 {[%clk 0:00:08]} 42. Nf3 {[%clk 0:00:29]} Ne5
{[%clk 0:00:08]} 43. Nd2 {[%clk 0:00:30]} Nd7 {[%clk 0:00:07]} 44. c4
{[%clk 0:00:30]} d4+ {[%clk 0:00:07]} 45. Ke4 {[%clk 0:00:29]} Nf6+
{[%clk 0:00:08]} 46. Kd3 {[%clk 0:00:27]} Ke5 {[%clk 0:00:09]} 47. b4
{[%clk 0:00:29]} h5 {[%clk 0:00:08]} 48. bxc5 {[%clk 0:00:21]} bxc5 49. Nb3 hxg4
{[%clk 0:00:09]} 50. hxg4 {[%clk 0:00:25]} Nxg4 {[%clk 0:00:08]} 51. Nxc5
{[%clk 0:00:24]} Nf6 {[%clk 0:00:06]} 52. Ne6 {[%clk 0:00:23]} Kxf5
{[%clk 0:00:06]} 53. Nxd4+ {[%clk 0:00:23]} Kf4 {[%clk 0:00:06]} 54. c5
{[%clk 0:00:21]} Ke5 {[%clk 0:00:07]} 55. Nb5 {[%clk 0:00:15]} Kd5
{[%clk 0:00:06]} 56. Nxa7 {[%clk 0:00:10]} Kxc5 {[%clk 0:00:07]} 57. Nc8
{[%clk 0:00:07]} Nd5 {[%clk 0:00:07]} 58. Ke4 {[%clk 0:00:07]} g4
{[%clk 0:00:08]} 59. a4 {[%clk 0:00:06]} Kb4 {[%clk 0:00:08]} 60. Nd6
{[%clk 0:00:06]} Kxa4 {[%clk 0:00:07]} 61. Nf5 {[%clk 0:00:07]} Nf6+
{[%clk 0:00:08]} 62. Kf4 {[%clk 0:00:08]} g3 {[%clk 0:00:09]} 63. Nxg3
{[%clk 0:00:09]} Nh5+ {[%clk 0:00:10]} 64. Nxh5 {[%clk 0:00:10]} 1/2-1/2

[Event "Blitz 2018"]
[Site "Saint-Petersburg"]
[Date "2018.12.29"]
[Round "1"]
[Board "80"]
[White "Sharma Dinesh K. (IND)"]
[Black "Sychev Klementy (RUS)"]
[Result "1-0"]
[LiveChessVersion "1.4.8"]
[BlackElo "2594"]
[WhiteElo "2383"]

1. Nf3 {[%clk 0:03:03]} Nf6 {[%clk 0:03:03]} 2. c4 {[%clk 0:03:04]} g6
{[%clk 0:03:04]} 3. Nc3 {[%clk 0:03:05]} Bg7 {[%clk 0:03:05]} 4. e4
{[%clk 0:03:05]} d6 {[%clk 0:03:06]} 5. d4 {[%clk 0:03:06]} Bg4 {[%clk 0:03:07]}
6. Be2 {[%clk 0:03:07]} Nfd7 {[%clk 0:03:08]} 7. Be3 {[%clk 0:03:05]} O-O
{[%clk 0:03:08]} 8. O-O {[%clk 0:03:05]} Nc6 {[%clk 0:03:05]} 9. d5
{[%clk 0:02:46]} Bxf3 {[%clk 0:03:05]} 10. Bxf3 {[%clk 0:02:46]} Na5
{[%clk 0:03:06]} 11. Be2 {[%clk 0:02:43]} Bxc3 {[%clk 0:03:07]} 12. bxc3
{[%clk 0:02:43]} e5 {[%clk 0:03:08]} 13. dxe6 {[%clk 0:01:41]} fxe6
{[%clk 0:03:09]} 14. c5 {[%clk 0:01:40]} Nxc5 {[%clk 0:03:02]} 15. e5
{[%clk 0:01:40]} b6 {[%clk 0:02:57]} 16. exd6 {[%clk 0:01:41]} cxd6
{[%clk 0:02:53]} 17. Qd4 {[%clk 0:01:34]} Nc6 {[%clk 0:02:48]} 18. Qg4
{[%clk 0:01:29]} Qe7 {[%clk 0:02:43]} 19. Rad1 {[%clk 0:01:29]} Rad8
{[%clk 0:02:43]} 20. Bg5 {[%clk 0:01:29]} Qf7 {[%clk 0:02:31]} 21. Bxd8
{[%clk 0:01:29]} Rxd8 {[%clk 0:02:32]} 22. Rfe1 {[%clk 0:01:22]} Qf6
{[%clk 0:02:23]} 23. Bf3 {[%clk 0:01:19]} Ne5 {[%clk 0:02:21]} 24. Qg3
{[%clk 0:01:19]} Nxf3+ {[%clk 0:02:15]} 25. Qxf3 {[%clk 0:01:19]} Qxf3
{[%clk 0:02:15]} 26. gxf3 {[%clk 0:01:20]} Kf7 {[%clk 0:02:14]} 27. Rd4
{[%clk 0:01:17]} Ke7 {[%clk 0:02:14]} 28. Kg2 {[%clk 0:01:17]} Rf8
{[%clk 0:01:20]} 29. Red1 {[%clk 0:01:12]} Rd8 {[%clk 0:01:18]} 30. Kf1
{[%clk 0:01:09]} e5 {[%clk 0:01:09]} 31. Rc4 {[%clk 0:01:04]} Ne6
{[%clk 0:01:07]} 32. Re1 {[%clk 0:01:03]} g5 {[%clk 0:00:58]} 33. h4
{[%clk 0:01:04]} h6 {[%clk 0:00:57]} 34. hxg5 {[%clk 0:01:03]} hxg5
{[%clk 0:00:58]} 35. Ke2 {[%clk 0:01:02]} Rh8 {[%clk 0:00:50]} 36. Rb1
{[%clk 0:01:00]} Nc5 {[%clk 0:00:32]} 37. Rg4 {[%clk 0:00:57]} Kf6
{[%clk 0:00:33]} 38. Rd1 {[%clk 0:00:55]} Rd8 {[%clk 0:00:26]} 39. Rh1
{[%clk 0:00:55]} Ne6 {[%clk 0:00:25]} 40. Rh6+ {[%clk 0:00:55]} Kf5
{[%clk 0:00:26]} 41. Rh7 {[%clk 0:00:51]} Rc8 {[%clk 0:00:26]} 42. Kd2
{[%clk 0:00:49]} a5 {[%clk 0:00:21]} 43. Rf7+ {[%clk 0:00:49]} Kg6
{[%clk 0:00:21]} 44. Rd7 {[%clk 0:00:50]} Rc6 {[%clk 0:00:22]} 45. Rg1
{[%clk 0:00:46]} Nc5 {[%clk 0:00:19]} 46. Rd8 {[%clk 0:00:45]} Ne6
{[%clk 0:00:21]} 47. Rb8 {[%clk 0:00:39]} Nc5 {[%clk 0:00:19]} 48. Rg8+
{[%clk 0:00:40]} Kf7 {[%clk 0:00:16]} 49. R8xg5 {[%clk 0:00:40]} Ne6
{[%clk 0:00:17]} 50. Rf5+ {[%clk 0:00:39]} Ke7 {[%clk 0:00:18]} 51. Rh5
{[%clk 0:00:40]} Rc4 {[%clk 0:00:18]} 52. Rh7+ {[%clk 0:00:37]} Kf6
{[%clk 0:00:18]} 53. Rb7 {[%clk 0:00:37]} Ra4 {[%clk 0:00:13]} 54. Ra1
{[%clk 0:00:35]} Rf4 {[%clk 0:00:14]} 55. Rxb6 {[%clk 0:00:35]} Rxf3
{[%clk 0:00:14]} 56. Rxd6 {[%clk 0:00:29]} Rxf2+ {[%clk 0:00:14]} 57. Ke3
{[%clk 0:00:30]} Rc2 {[%clk 0:00:15]} 58. Rf1+ {[%clk 0:00:27]} Ke7
{[%clk 0:00:16]} 59. Rd5 {[%clk 0:00:20]} Rxc3+ {[%clk 0:00:16]} 60. Ke4
{[%clk 0:00:18]} Ra3 {[%clk 0:00:11]} 61. Rf2 {[%clk 0:00:16]} Ra4+
{[%clk 0:00:06]} 62. Kxe5 {[%clk 0:00:16]} Nf8 {[%clk 0:00:06]} 63. Re2
{[%clk 0:00:15]} Kf7 {[%clk 0:00:05]} 64. Kf5 {[%clk 0:00:15]} Ra3
{[%clk 0:00:05]} 65. Rb5 {[%clk 0:00:15]} Rf3+ {[%clk 0:00:05]} 66. Kg4
{[%clk 0:00:17]} Ra3 {[%clk 0:00:06]} 67. Rf2+ {[%clk 0:00:18]} Kg7
{[%clk 0:00:03]} 68. Rb7+ {[%clk 0:00:19]} Kg8 {[%clk 0:00:03]} 69. Rb8
{[%clk 0:00:19]} 1-0

[Event "Blitz 2018"]
[Site "Saint-Petersburg"]
[Date "2018.12.29"]
[Round "1"]
[Board "81"]
[White "Gordievsky Dmitry (RUS)"]
[Black "Tissir Mohamed (MAR)"]
[Result "0-1"]
[LiveChessVersion "1.4.8"]
[BlackElo "2381"]
[WhiteElo "2591"]

1. Nf3 {[%clk 0:03:02]} Nf6 {[%clk 0:03:02]} 2. c4 {[%clk 0:03:03]} c6
{[%clk 0:02:59]} 3. Nc3 {[%clk 0:03:01]} d5 {[%clk 0:03:00]} 4. e3
{[%clk 0:03:02]} e6 {[%clk 0:02:53]} 5. b3 {[%clk 0:02:58]} Nbd7 {[%clk 0:02:53]}
6. Qc2 {[%clk 0:02:53]} Bd6 {[%clk 0:02:46]} 7. Bb2 {[%clk 0:02:53]} O-O
{[%clk 0:02:46]} 8. d4 {[%clk 0:02:42]} Re8 {[%clk 0:02:27]} 9. Be2
{[%clk 0:02:37]} Qe7 {[%clk 0:02:16]} 10. O-O {[%clk 0:02:18]} dxc4
{[%clk 0:02:13]} 11. bxc4 {[%clk 0:02:17]} e5 {[%clk 0:02:15]} 12. h3
{[%clk 0:02:10]} e4 {[%clk 0:02:03]} 13. Nd2 {[%clk 0:01:58]} Nf8
{[%clk 0:02:05]} 14. c5 Bc7 15. Nc4 {[%clk 0:01:38]} Ng6 {[%clk 0:02:08]} 16. Ba3
{[%clk 0:01:35]} Nh4 {[%clk 0:01:06]} 17. Nd6 {[%clk 0:01:26]} Bxd6
{[%clk 0:01:07]} 18. cxd6 {[%clk 0:01:27]} Qe6 {[%clk 0:01:09]} 19. Rae1
{[%clk 0:00:09]} Nxg2 {[%clk 0:01:08]} 20. Kxg2 {[%clk 0:00:11]} Qxh3+
{[%clk 0:01:09]} 21. Kg1 {[%clk 0:00:12]} Ng4 {[%clk 0:01:09]} 22. Bxg4
{[%clk 0:00:12]} Qxg4+ {[%clk 0:01:10]} 23. Kh2 {[%clk 0:00:07]} Re6
{[%clk 0:01:04]} 0-1

[Event "Blitz 2018"]
[Site "Saint-Petersburg"]
[Date "2018.12.29"]
[Round "1"]
[Board "82"]
[White "Ovchinnikov Vsevolod (RUS)"]
[Black "Hovhannisyan Robert (ARM)"]
[Result "0-1"]
[LiveChessVersion "1.4.8"]
[BlackElo "2588"]
[WhiteElo "2375"]

1. d4 {[%clk 0:03:02]} Nf6 {[%clk 0:03:03]} 2. c4 {[%clk 0:03:03]} e6
{[%clk 0:03:04]} 3. Nf3 {[%clk 0:03:03]} Bb4+ {[%clk 0:03:05]} 4. Bd2
{[%clk 0:03:04]} Qe7 {[%clk 0:03:06]} 5. g3 {[%clk 0:03:05]} Bxd2+
{[%clk 0:03:06]} 6. Qxd2 {[%clk 0:03:05]} Nc6 {[%clk 0:03:07]} 7. Nc3
{[%clk 0:03:05]} d5 {[%clk 0:03:08]} 8. Bg2 {[%clk 0:03:06]} dxc4
{[%clk 0:03:08]} 9. Ne5 {[%clk 0:03:03]} Nxe5 {[%clk 0:03:08]} 10. dxe5
{[%clk 0:03:04]} Nd7 {[%clk 0:03:09]} 11. f4 {[%clk 0:02:57]} O-O
{[%clk 0:03:06]} 12. Qd4 {[%clk 0:02:17]} Qc5 {[%clk 0:02:57]} 13. Rd1
{[%clk 0:02:08]} Rb8 {[%clk 0:02:29]} 14. a4 {[%clk 0:01:22]} a6 {[%clk 0:02:28]}
15. O-O {[%clk 0:00:38]} b5 {[%clk 0:02:10]} 16. Ne4 {[%clk 0:00:39]} Qxd4+
{[%clk 0:02:07]} 17. Rxd4 {[%clk 0:00:39]} bxa4 {[%clk 0:01:48]} 18. Rxc4
{[%clk 0:00:39]} Rxb2 {[%clk 0:01:34]} 19. Rxa4 {[%clk 0:00:26]} Rxe2
{[%clk 0:01:25]} 20. Rc1 {[%clk 0:00:22]} Nb6 {[%clk 0:01:17]} 21. Ra5
{[%clk 0:00:11]} Bb7 {[%clk 0:00:51]} 22. Nf6+ {[%clk 0:00:09]} gxf6
{[%clk 0:00:52]} 23. Bxb7 {[%clk 0:00:09]} fxe5 {[%clk 0:00:52]} 24. fxe5
{[%clk 0:00:10]} Rd8 {[%clk 0:00:41]} 25. Bxa6 {[%clk 0:00:07]} Rb2
{[%clk 0:00:35]} 26. Bf1 {[%clk 0:00:06]} Nd5 {[%clk 0:00:16]} 27. Rd1
{[%clk 0:00:04]} Rdb8 {[%clk 0:00:13]} 28. Rc5 {[%clk 0:00:04]} Kg7
{[%clk 0:00:09]} 29. Re1 {[%clk 0:00:03]} R8b4 {[%clk 0:00:07]} 30. Bg2
{[%clk 0:00:04]} Rd2 {[%clk 0:00:06]} 31. Bxd5 {[%clk 0:00:04]} Rxd5
{[%clk 0:00:06]} 32. Rxd5 {[%clk 0:00:04]} exd5 {[%clk 0:00:08]} 33. Rc1
{[%clk 0:00:06]} Rc4 {[%clk 0:00:07]} 34. Rd1 {[%clk 0:00:05]} c6
{[%clk 0:00:09]} 35. Kf2 {[%clk 0:00:06]} Kg6 {[%clk 0:00:10]} 36. Kf3
{[%clk 0:00:07]} Kf5 {[%clk 0:00:11]} 37. Re1 {[%clk 0:00:05]} Re4
{[%clk 0:00:09]} 38. Rc1 {[%clk 0:00:06]} Rc4 {[%clk 0:00:10]} 39. Re1
{[%clk 0:00:07]} Rc3+ {[%clk 0:00:11]} 40. Kg2 {[%clk 0:00:07]} Rc2+
{[%clk 0:00:12]} 41. Kf3 {[%clk 0:00:07]} c5 {[%clk 0:00:09]} 42. g4+ Ke6 43. h4
{[%clk 0:00:04]} c4 {[%clk 0:00:09]} 44. Kf4 {[%clk 0:00:04]} c3 {[%clk 0:00:09]}
45. Ke3 {[%clk 0:00:04]} Rd2 {[%clk 0:00:09]} 46. Rc1 {[%clk 0:00:03]} d4+
{[%clk 0:00:10]} 47. Ke4 {[%clk 0:00:05]} c2 {[%clk 0:00:12]} 48. h5
{[%clk 0:00:05]} d3 {[%clk 0:00:13]} 49. g5 {[%clk 0:00:05]} Rd1 {[%clk 0:00:14]}
50. Kd4 Kxe5+ 0-1

[Event "Blitz 2018"]
[Site "Saint-Petersburg"]
[Date "2018.12.29"]
[Round "1"]
[Board "83"]
[White "Pantsulaia Levan (GEO)"]
[Black "Hirneise Jens (GER)"]
[Result "1-0"]
[LiveChessVersion "1.4.8"]
[BlackElo "2363"]
[WhiteElo "2584"]

1. Nf3 {[%clk 0:03:02]} Nf6 {[%clk 0:03:03]} 2. g3 {[%clk 0:03:03]} g6
{[%clk 0:03:05]} 3. b3 {[%clk 0:03:04]} Bg7 {[%clk 0:03:06]} 4. Bb2
{[%clk 0:03:05]} c5 {[%clk 0:03:07]} 5. c4 {[%clk 0:03:04]} d6 {[%clk 0:03:07]}
6. d4 {[%clk 0:02:56]} Ne4 {[%clk 0:03:08]} 7. Nbd2 {[%clk 0:02:27]} Qa5
{[%clk 0:03:09]} 8. a3 {[%clk 0:01:32]} Nxd2 {[%clk 0:03:04]} 9. Qxd2
{[%clk 0:01:14]} Qxd2+ {[%clk 0:03:04]} 10. Kxd2 {[%clk 0:01:15]} Bg4
{[%clk 0:03:01]} 11. Bg2 {[%clk 0:01:15]} Nc6 {[%clk 0:03:01]} 12. e3
{[%clk 0:01:15]} Bxf3 {[%clk 0:02:38]} 13. Bxf3 {[%clk 0:01:16]} cxd4
{[%clk 0:02:39]} 14. Bxc6+ {[%clk 0:01:04]} bxc6 {[%clk 0:02:40]} 15. Bxd4
{[%clk 0:01:04]} O-O {[%clk 0:02:37]} 16. b4 {[%clk 0:00:58]} e5 {[%clk 0:01:48]}
17. Bc3 {[%clk 0:00:58]} d5 {[%clk 0:01:48]} 18. Rhd1 {[%clk 0:00:32]} Rfd8
{[%clk 0:01:42]} 19. Kc2 {[%clk 0:00:23]} dxc4 {[%clk 0:00:54]} 20. e4
{[%clk 0:00:24]} f5 {[%clk 0:00:49]} 21. f3 {[%clk 0:00:25]} fxe4
{[%clk 0:00:45]} 22. fxe4 {[%clk 0:00:26]} Kf7 {[%clk 0:00:38]} 23. a4
{[%clk 0:00:27]} Ke6 {[%clk 0:00:31]} 24. Rxd8 {[%clk 0:00:11]} Rxd8
{[%clk 0:00:32]} 25. b5 {[%clk 0:00:13]} Rc8 {[%clk 0:00:16]} 26. Rb1
{[%clk 0:00:14]} Bf8 {[%clk 0:00:11]} 27. bxc6 {[%clk 0:00:11]} Rxc6
{[%clk 0:00:12]} 28. Rb7 {[%clk 0:00:12]} Ra6 {[%clk 0:00:10]} 29. a5
{[%clk 0:00:09]} Be7 {[%clk 0:00:09]} 30. Rc7 {[%clk 0:00:10]} h5
{[%clk 0:00:04]} 31. Rxc4 {[%clk 0:00:10]} h4 {[%clk 0:00:05]} 32. g4
{[%clk 0:00:11]} Bg5 {[%clk 0:00:05]} 33. h3 {[%clk 0:00:11]} Be7
{[%clk 0:00:06]} 34. Rc7 {[%clk 0:00:08]} Bd6 {[%clk 0:00:05]} 35. Rg7
{[%clk 0:00:08]} Kf6 {[%clk 0:00:05]} 36. Rb7 {[%clk 0:00:09]} Kg5
{[%clk 0:00:05]} 37. Rf7 {[%clk 0:00:07]} Kh6 {[%clk 0:00:03]} 38. Bd2+
{[%clk 0:00:07]} g5 {[%clk 0:00:05]} 39. Rf6+ {[%clk 0:00:06]} Kg7
{[%clk 0:00:06]} 40. Bxg5 {[%clk 0:00:07]} Rc6+ {[%clk 0:00:04]} 41. Kd3
{[%clk 0:00:08]} a6 {[%clk 0:00:04]} 42. Bxh4 {[%clk 0:00:08]} Kh7
{[%clk 0:00:03]} 43. Bg5 {[%clk 0:00:08]} Kg7 {[%clk 0:00:04]} 44. h4
{[%clk 0:00:09]} Kh7 {[%clk 0:00:03]} 45. h5 Kg7 46. h6+ {[%clk 0:00:10]} Kh7
{[%clk 0:00:06]} 47. Bh4 {[%clk 0:00:10]} Kg8 {[%clk 0:00:03]} 48. g5
{[%clk 0:00:11]} Kh7 {[%clk 0:00:04]} 49. Bf2 {[%clk 0:00:08]} Kg8
{[%clk 0:00:03]} 50. g6 {[%clk 0:00:08]} 1-0

[Event "Blitz 2018"]
[Site "Saint-Petersburg"]
[Date "2018.12.29"]
[Round "1"]
[Board "84"]
[White "Fakhrutdinov Timur (RUS)"]
[Black "Ghaem Maghami Ehsan (IRI)"]
[Result "1/2-1/2"]
[LiveChessVersion "1.4.8"]
[BlackElo "2582"]
[WhiteElo "2357"]

1. e4 {[%clk 0:03:02]} d6 {[%clk 0:03:03]} 2. d4 {[%clk 0:03:03]} Nf6
{[%clk 0:03:03]} 3. Nc3 {[%clk 0:03:05]} e5 {[%clk 0:03:04]} 4. Nf3
{[%clk 0:03:04]} exd4 {[%clk 0:03:02]} 5. Nxd4 {[%clk 0:03:04]} Be7
{[%clk 0:03:03]} 6. Bf4 {[%clk 0:02:39]} O-O {[%clk 0:03:03]} 7. Qd2
{[%clk 0:02:36]} Nc6 {[%clk 0:03:04]} 8. O-O-O {[%clk 0:02:31]} Nxd4
{[%clk 0:02:54]} 9. Qxd4 {[%clk 0:02:32]} Be6 {[%clk 0:02:55]} 10. f3
{[%clk 0:02:25]} Nd7 {[%clk 0:02:51]} 11. Nd5 {[%clk 0:01:53]} Bg5
{[%clk 0:02:18]} 12. Bxg5 {[%clk 0:01:52]} Qxg5+ {[%clk 0:02:19]} 13. f4
{[%clk 0:01:53]} Qd8 {[%clk 0:02:19]} 14. g4 {[%clk 0:01:28]} Bxd5
{[%clk 0:02:15]} 15. exd5 {[%clk 0:01:22]} Re8 {[%clk 0:01:45]} 16. g5
{[%clk 0:01:15]} Nc5 {[%clk 0:01:05]} 17. Bd3 {[%clk 0:00:39]} Qd7
{[%clk 0:00:48]} 18. h4 {[%clk 0:00:22]} Qe7 {[%clk 0:00:12]} 19. Rh3
{[%clk 0:00:09]} Nxd3+ {[%clk 0:00:10]} 20. Rhxd3 {[%clk 0:00:08]} Qe2
{[%clk 0:00:08]} 21. Qb4 {[%clk 0:00:07]} Qg4 {[%clk 0:00:04]} 22. Kb1
{[%clk 0:00:06]} b6 {[%clk 0:00:05]} 23. a4 {[%clk 0:00:04]} Qxh4
{[%clk 0:00:05]} 24. Qc4 {[%clk 0:00:06]} Re7 {[%clk 0:00:05]} 25. Qc6
{[%clk 0:00:06]} Rae8 {[%clk 0:00:06]} 26. a5 {[%clk 0:00:04]} Qxf4
{[%clk 0:00:06]} 27. a6 {[%clk 0:00:03]} Qxg5 {[%clk 0:00:06]} 28. Qb7
{[%clk 0:00:05]} h5 {[%clk 0:00:06]} 29. Qxa7 {[%clk 0:00:05]} h4
{[%clk 0:00:07]} 30. Qb7 {[%clk 0:00:06]} Qg4 {[%clk 0:00:08]} 31. a7
{[%clk 0:00:04]} Re1 {[%clk 0:00:07]} 32. Rxe1 {[%clk 0:00:04]} Rxe1+
{[%clk 0:00:09]} 33. Ka2 {[%clk 0:00:05]} Qc4+ {[%clk 0:00:10]} 34. Rb3
{[%clk 0:00:04]} Qa4+ {[%clk 0:00:11]} 35. Ra3 {[%clk 0:00:05]} Qc4+
{[%clk 0:00:12]} 36. Rb3 {[%clk 0:00:05]} Qa4+ {[%clk 0:00:12]} 37. Ra3
{[%clk 0:00:06]} Qc4+ {[%clk 0:00:10]} 38. Rb3 {[%clk 0:00:07]} Qa4+
{[%clk 0:00:07]} 39. Ra3 {[%clk 0:00:07]} Qc4+ {[%clk 0:00:07]} 40. Rb3
{[%clk 0:00:09]} 1/2-1/2

[Event "Blitz 2018"]
[Site "Saint-Petersburg"]
[Date "2018.12.29"]
[Round "1"]
[Board "85"]
[White "Khusnutdinov Rustam (KAZ)"]
[Black "Pershin Denis (RUS)"]
[Result "1-0"]
[LiveChessVersion "1.4.8"]
[BlackElo "2354"]
[WhiteElo "2582"]

1. b3 {[%clk 0:03:03]} e5 {[%clk 0:03:03]} 2. Bb2 {[%clk 0:03:04]} Nc6
{[%clk 0:03:04]} 3. e3 {[%clk 0:03:05]} Nf6 {[%clk 0:03:04]} 4. Bb5
{[%clk 0:03:06]} Bd6 {[%clk 0:03:05]} 5. Na3 {[%clk 0:03:07]} Na5
{[%clk 0:02:23]} 6. Be2 {[%clk 0:03:08]} c6 {[%clk 0:02:01]} 7. c4
{[%clk 0:03:00]} b6 {[%clk 0:01:08]} 8. Nc2 {[%clk 0:02:58]} O-O {[%clk 0:01:00]}
9. d3 {[%clk 0:02:51]} Qe7 {[%clk 0:00:46]} 10. Nf3 {[%clk 0:02:51]} Bc7
{[%clk 0:00:47]} 11. O-O {[%clk 0:02:33]} d5 {[%clk 0:00:48]} 12. cxd5
{[%clk 0:02:26]} cxd5 {[%clk 0:00:41]} 13. d4 {[%clk 0:02:27]} e4
{[%clk 0:00:34]} 14. Ne5 {[%clk 0:02:28]} Ne8 {[%clk 0:00:29]} 15. b4
{[%clk 0:02:18]} Nb7 {[%clk 0:00:29]} 16. b5 {[%clk 0:02:16]} Bxe5
{[%clk 0:00:09]} 17. dxe5 {[%clk 0:02:17]} Qe6 {[%clk 0:00:08]} 18. Qd2
{[%clk 0:02:08]} Nc5 {[%clk 0:00:04]} 19. Nd4 {[%clk 0:02:03]} Qh6
{[%clk 0:00:03]} 20. Rac1 {[%clk 0:01:55]} Be6 {[%clk 0:00:04]} 21. Ba3
{[%clk 0:01:56]} Rc8 {[%clk 0:00:05]} 22. Nc6 {[%clk 0:01:57]} Rc7
{[%clk 0:00:04]} 23. Rxc5 {[%clk 0:01:45]} bxc5 {[%clk 0:00:04]} 24. Bxc5
{[%clk 0:01:46]} f6 {[%clk 0:00:03]} 25. Bxf8 {[%clk 0:01:44]} Kxf8
{[%clk 0:00:05]} 26. Qd4 {[%clk 0:01:39]} fxe5 {[%clk 0:00:04]} 27. Qxe5
{[%clk 0:01:39]} Rf7 {[%clk 0:00:06]} 28. Nd8 {[%clk 0:01:32]} Rf6
{[%clk 0:00:05]} 29. Nxe6+ {[%clk 0:01:26]} Rxe6 {[%clk 0:00:06]} 30. Qxd5
{[%clk 0:01:27]} Re7 {[%clk 0:00:03]} 31. Rc1 {[%clk 0:01:25]} Qf6
{[%clk 0:00:03]} 32. Bc4 {[%clk 0:01:20]} Re5 {[%clk 0:00:04]} 33. Qd4
{[%clk 0:01:15]} Qd6 {[%clk 0:00:03]} 34. a4 {[%clk 0:01:01]} Re7
{[%clk 0:00:03]} 35. Qxd6 {[%clk 0:00:59]} Nxd6 {[%clk 0:00:05]} 36. Be2
{[%clk 0:01:00]} Nb7 {[%clk 0:00:04]} 37. h4 {[%clk 0:00:46]} Kf7
{[%clk 0:00:05]} 38. Rc6 {[%clk 0:00:45]} Na5 {[%clk 0:00:05]} 39. Ra6
{[%clk 0:00:46]} Nb3 {[%clk 0:00:07]} 40. Bc4+ {[%clk 0:00:47]} 1-0

[Event "Blitz 2018"]
[Site "Saint-Petersburg"]
[Date "2018.12.29"]
[Round "1"]
[Board "86"]
[White "Pogosyan Stefan (RUS)"]
[Black "Smirin Ilia (ISR)"]
[Result "0-1"]
[LiveChessVersion "1.4.8"]
[BlackElo "2582"]
[WhiteElo "2330"]

1. d4 {[%clk 0:03:03]} Nf6 {[%clk 0:03:03]} 2. c4 {[%clk 0:03:05]} g6
{[%clk 0:03:03]} 3. Nc3 {[%clk 0:03:06]} Bg7 {[%clk 0:03:04]} 4. Nf3
{[%clk 0:03:07]} d6 {[%clk 0:03:04]} 5. g3 {[%clk 0:03:06]} O-O {[%clk 0:03:04]}
6. Bg2 {[%clk 0:03:07]} c6 {[%clk 0:03:00]} 7. O-O {[%clk 0:03:07]} a6
{[%clk 0:03:01]} 8. a4 {[%clk 0:03:02]} a5 {[%clk 0:03:01]} 9. e4
{[%clk 0:03:02]} Nfd7 {[%clk 0:03:00]} 10. Re1 {[%clk 0:02:51]} e5
{[%clk 0:02:59]} 11. Be3 {[%clk 0:02:49]} Na6 {[%clk 0:02:54]} 12. Qd2
{[%clk 0:02:22]} exd4 {[%clk 0:02:52]} 13. Nxd4 {[%clk 0:02:23]} Ne5
{[%clk 0:02:50]} 14. Qe2 {[%clk 0:02:08]} Ng4 {[%clk 0:02:41]} 15. Rad1
{[%clk 0:02:05]} Nxe3 {[%clk 0:02:40]} 16. Qxe3 {[%clk 0:02:06]} Qb6
{[%clk 0:02:25]} 17. Rd2 {[%clk 0:02:08]} Re8 {[%clk 0:02:20]} 18. Nf5
{[%clk 0:01:25]} Qxe3 {[%clk 0:02:11]} 19. Nxe3 {[%clk 0:01:26]} Bxc3
{[%clk 0:02:03]} 20. bxc3 {[%clk 0:01:25]} Nc5 {[%clk 0:02:04]} 21. Rxd6
{[%clk 0:01:10]} Nxa4 {[%clk 0:02:03]} 22. Ra1 {[%clk 0:00:52]} Nc5
{[%clk 0:02:04]} 23. e5 {[%clk 0:00:28]} a4 {[%clk 0:01:46]} 24. f4
{[%clk 0:00:29]} Be6 {[%clk 0:01:28]} 25. g4 {[%clk 0:00:22]} a3 {[%clk 0:01:18]}
26. Ra2 {[%clk 0:00:18]} Ra4 {[%clk 0:01:07]} 27. f5 {[%clk 0:00:07]} Bxc4
{[%clk 0:01:02]} 28. Nxc4 {[%clk 0:00:07]} Rxc4 {[%clk 0:01:03]} 29. Rxa3
{[%clk 0:00:06]} Rxg4 {[%clk 0:01:01]} 30. f6 {[%clk 0:00:06]} Rg5
{[%clk 0:00:52]} 31. e6 {[%clk 0:00:05]} Nxe6 {[%clk 0:00:49]} 32. Ra4
{[%clk 0:00:03]} h5 {[%clk 0:00:38]} 33. Kh1 {[%clk 0:00:04]} Nc5
{[%clk 0:00:38]} 34. Ra1 {[%clk 0:00:03]} Re2 35. Bh3 Ne4 {[%clk 0:00:30]} 36.
Rd8+ {[%clk 0:00:04]} Kh7 {[%clk 0:00:31]} 37. Rf1 {[%clk 0:00:04]} Nf2+
{[%clk 0:00:29]} 38. Rxf2 {[%clk 0:00:06]} Rxf2 {[%clk 0:00:29]} 39. Rd7
{[%clk 0:00:06]} Rxf6 {[%clk 0:00:30]} 40. Rxb7 {[%clk 0:00:08]} Rf3
{[%clk 0:00:30]} 41. Bg2 {[%clk 0:00:08]} Rf2 {[%clk 0:00:30]} 42. Bh3
{[%clk 0:00:08]} Rb5 {[%clk 0:00:31]} 0-1